000 00375nam a2200145 i 4500
001 bg
100 1 _aMIERZBICZAK, J.
245 0 _aElaktrotechnika teoretyczna.
_nCz. 1,
_pĆwiczenia rachunkowe /
_cJ. Mierzbiczak, S. Lach.
260 _aBydgoszcz,
_c1982.
700 1 _aLACH, S.
040 _cBPK
041 _apol
942 _cKS
008 s pl f |000 0 pol
999 _c2058
_d2058
856 _uhttp://koha.tu.koszalin.pl/cgi-bin/koha/opac-detail.pl?biblionumber=2058
_yKatalog online BPK